El secreto de la creatividad

में बचाया:
ग्रंथसूची विवरण
मुख्य लेखकों: Root-Bernstein, Robert (लेखक), Root-Bernstein, Michèle (लेखक)
स्वरूप: पुस्तक
भाषा:स्पेनिश
प्रकाशित: Barcelona Kairós 2002
संस्करण:1a. ed
श्रृंखला:Ensayo
विषय:
टैग: टैग जोड़ें
कोई टैग नहीं, इस रिकॉर्ड को टैग करने वाले पहले व्यक्ति बनें!

MARC

LEADER 00000nam a2200000 a 4500
001 UCI9965
003 CL-VaPUC
008 081218e20020000SP |||||||||||||||||spa|d
020 |a 8472455068 
082 0 4 |a 153.35  |b ROO  |2 21 
100 0 |a Root-Bernstein, Robert  |e author  |9 534015 
700 0 |a Root-Bernstein, Michèle  |e author  |9 534016 
245 1 3 |a El secreto de la creatividad 
250 |a 1a. ed 
300 |a 447 p 
942 |c BK 
945 |d 20081218 00:00:00  |a jtorresc 
260 |a Barcelona  |b Kairós  |c 2002 
650 0 |a Creatividad   |9 310816 
650 0 |a Imaginación  |9 269378 
650 7 |a DESARROLLO DE LA CREATIVIDAD  |2 CL-VaPUC  |9 534017 
650 7 |a INDIVIDUOS CREATIVOS  |2 CL-VaPUC  |9 534018 
650 7 |a PROCESOS DE CREACION  |2 CL-VaPUC  |9 534019 
583 |a last modification  |c 20081218 00:00:00  |k Rodrigo Vera 
490 0 |a Ensayo 
999 |c 332390  |d 332388 
952 |0 0  |1 0  |4 0  |6 153_350000000000000_ROO_2002  |7 0  |8 A  |9 420051  |a BIBING  |b BIBING  |d 2019-11-22  |i 4506952  |o 153.35 ROO 2002  |p 4506952  |r 2025-01-20  |w 2019-11-22  |y BK  |k EII